000 00846naa a22002417u 4500
001 20597
003 HDC
007 cr bn ---aaaaa
008 210306t201003 xx 000 0 eng
040 _aHDC
100 _aZaahira Muhammad,
_eauthor
_92349
245 0 _aSingaporean Chinese and Muslim community discontent over McDonald's pig toy blunder /
_cby Zaahira Muhammad
260 _a[No place] :
_b[publisher not identified],
_c2010
336 _atext
_2rdacontent
337 _acomputer
_2rdamedia
338 _aonline resource
_2rdacarrier
650 _aMuslims
_9247
650 _aRestaurants
_92152
856 _zRequest full-text at [email protected]
942 _2lcc
942 _cEIJ
942 _kEMAG 000903
999 _c17913
_d17913